000 00446nam a2200181Ia 4500
005 20240823043148.0
008 240823s9999||||xx |||||||||||||| ||und||
020 _a81-87328 85 1
041 _aENGLISH
082 _A519 P3
100 _aArumugam S [et al]
245 0 _aEngineering Mathematics Vol 2
250 _a1st
260 _c2003
_b"Scitech Publications,Ch"
500 _aTRANSFERED
650 _aMATHS
_bMathematics
942 _cBK
999 _c209582
_d209582